Nádej

Bibliographic Details
Main Author: Grün, Anselm, 1945- (Author)
Other Authors: Sabová, Margita (Translator)
Format: Book
Language:Slovak
German
PhysicalDescription:38 s. fareb. fotogr. 16 cm
Published: Bratislava Lúč 2003
ISBN:8071144304
Edition:[1. vyd.]
Series:Viera, nádej, láska
Subjects:

MARC

LEADER 00000nam a2200000 a 4500
001 vtls001482971
003 SK-MaSNL
005 20260301015123.0
008 251031s2003 xo o f bf 00000 slo
015 |a SNBA2005/02-00543 
020 |a 8071144304  |q (viaz.) 
035 |a SNK000438267 
040 |a SNK  |b slo  |c SNK  |e AACR2 
041 1 |a slo  |h ger 
044 |a xo  |c SK 
072 7 |a 27-4  |x Praktická teológia. Morálna teológia  |2 konspekt 
080 |a 27-1/-9  |2 MDT-MRF 
080 |a (0:82-4)  |2 MDT-MRF 
080 |a 27-184  |2 MDT-MRF 
100 1 |a Grün, Anselm,  |d 1945-  |4 aut  |9 101280 
240 1 0 |a Hoffnung  |l Slovensky 
245 1 0 |a Nádej  |c Anselm Grün ; [z pôvodného autorovho nemeckého rukopisu preložila Margita Sabová] 
250 |a [1. vyd.] 
260 |a Bratislava  |b Lúč  |c 2003 
300 |a 38 s.  |b fareb. fotogr.  |c 16 cm 
490 1 |a Viera, nádej, láska  |v 54 
500 |a Fareb. fotogr. na tit. strane 
504 |a Bibliogr. odkazy 
650 0 7 |a Boh a človek  |2 SNKPH  |9 1711 
650 0 7 |a kresťanské učenie  |2 SNKPH  |9 1960 
655 7 |a úvahy  |2 SNKPH  |9 29403 
700 1 |a Sabová, Margita  |4 prk  |9 304446 
830 0 |a Viera, nádej, láska  |9 304447 
919 |a 80-7114-430-4 
968 |d 2 
999 |c 560113  |d 562043 
952 |t P60, <04>, [BOOK], {604}  |a SNK  |b SNK  |y VYP  |7 0  |p 17A0444908  |o snkSD 74234 D1  |i snkKSP 13056/2004  |0 0  |1 0  |4 0  |d 2004-10-06  |l 0  |r 2005-01-02 00:00:00  |w 2026-02-23 
952 |t P60, <03>, [BOOK], {603}, -K-  |a SNK  |b SNK  |y PREZ  |7 0  |p 17A0444906  |o snkSD 74234  |i snkKSP 13055/2004  |0 0  |1 0  |4 0  |d 2004-10-06  |l 0  |r 2025-11-21 00:00:00  |w 2026-02-23